| 000 | 00978nam a22002773a 4500 | ||
|---|---|---|---|
| 005 | 20260415064207.0 | ||
| 008 | 011011s1999 es r 000 0 spa d | ||
| 020 | _a8487767567 | ||
| 035 | _aUPN01000112938 | ||
| 049 | _aCG | ||
| 050 | 4 |
_aLB1028 _bR6.53 1999 |
|
| 100 | 1 | _aRodríguez Gómez, Gregorio | |
| 245 | 1 | 0 |
_aMetodología de la investigación cualitativa / _cGregorio Rodríguez Gómez, Javier Gil Flores, Eduardo García Jiménez. |
| 250 | _a2a ed. | ||
| 260 |
_aMálaga, Esp. : _bAljibe, _c1999. |
||
| 300 |
_a378 p. : _bil., cuadros |
||
| 440 | 0 | _aBiblioteca de educación | |
| 590 | _a(También localizas un ejemplar en el "Area de Reserva") | ||
| 590 | _aBibliografía Básica (BGTQ) | ||
| 650 | 4 |
_aEducación _xInvestigación _94070 |
|
| 650 | 4 |
_aSociología de la educación _xInvestigación _919644 |
|
| 650 | 4 |
_aEvaluación educativa _94298 |
|
| 700 | 1 |
_aGil Flores, Javier, _ecoaut. |
|
| 700 | 1 |
_aGarcía Jiménez, Eduardo, _ecoaut. |
|
| 905 | _aLibro | ||
| 999 |
_c86846 _d86846 |
||